| 000 | 00660nam a2200205 u 4500 | ||
|---|---|---|---|
| 005 | 20260415064219.0 | ||
| 008 | 100210s2003 es r 000 0 spa d | ||
| 020 | _a8497001311 | ||
| 035 | _aUPN01000174561 | ||
| 049 | _aCG | ||
| 050 | 4 |
_aLC3986 E5 _bP4.3 |
|
| 100 | 1 | _aPérez Galán, Rafael | |
| 245 | 1 | 0 |
_aEducación especial, atención a la diversidad y loce : _bun enfoque teórico y comprensivo / _cRafael Pérez Galán. |
| 260 |
_aMálaga, Esp. : _bAljibe, _c2003. |
||
| 300 |
_a219 p. : _bgráfs. |
||
| 650 | 4 |
_aEDUCACION ESPECIAL - _zESPAÑA _97594 |
|
| 650 | 4 |
_aIntegración escolar _9306 |
|
| 650 | 4 |
_aEvaluación educativa _94298 |
|
| 905 | _aLibro | ||
| 999 |
_c146665 _d146665 |
||